000 00525nam a2200181Ia 4500
008 090201s9999 xx 000 0 und d
010 _aKPL-74482
040 _bमराठी
041 _aमराठी
082 _a55014
_b74482
100 _aहेमंत सावंत
245 _aपँथर
_cहेमंत सावंत
250 _a1
260 _c2008
_bश्री नवदुर्गा प्रकाशन
300 _a280
_bलहान
600 _aपँथर
942 _cBOOK
999 _c251303
_d251303